Catálogo público

Selección masal aplicado a la variedad de maíz nativo criollo chico en la zona templada del centro de Veracruz / (Record no. 218659)

MARC details
000 -CABECERA
campo de control de longitud fija 02972nam a22003017a 4500
003 - IDENTIFICADOR DEL NÚMERO DE CONTROL
campo de control OSt
005 - FECHA Y HORA DE LA ÚLTIMA TRANSACCIÓN
campo de control 20260210113356.0
007 - CAMPO FIJO DE DESCRIPCIÓN FÍSICA--INFORMACIÓN GENERAL
campo de control de longitud fija cr ||||||a|c|a
008 - DATOS DE LONGITUD FIJA--INFORMACIÓN GENERAL
campo de control de longitud fija 230502s2020 mx ad||fom||| 001 0 spa d
040 ## - FUENTE DE LA CATALOGACIÓN
Normas de descripción rda
100 1# - ENTRADA PRINCIPAL--NOMBRE DE PERSONA
9 (RLIN) 186821
Nombre de persona Rosario Arellano, Juan del
245 10 - MENCIÓN DE TÍTULO
Título Selección masal aplicado a la variedad de maíz nativo criollo chico en la zona templada del centro de Veracruz /
Mención de responsabilidad, etc. por Juan Del Rosario Arellano; director de tesis Andrés Meza Pablo
264 #1 - PRODUCCIÓN, PUBLICACIÓN, DISTRIBUCIÓN, FABRICACIÓN Y COPYRIGHT
Producción, publicación, distribución, fabricación y copyright Chapingo, México :
Nombre del de productor, editor, distribuidor, fabricante El autor,
Fecha de producción, publicación, distribución, fabricación o copyright 2020.
300 ## - DESCRIPCIÓN FÍSICA
Extensión 1 recurso en línea (57 páginas):
Otras características físicas ilustraciones, gráficas
336 ## - TIPO DE CONTENIDO
Fuente rdacontent
Término de tipo de contenido texto
Código de tipo de contenido txt
337 ## - TIPO DE MEDIO
Fuente rdamedia
Nombre/término del tipo de medio computadora
Código del tipo de medio c
338 ## - TIPO DE SOPORTE
Fuente rdacarrier
Nombre/término del tipo de soporte recurso en línea
Código del tipo de soporte cr
502 ## - NOTA DE TESIS
Tipo de título Ingeniería en Agroecología
Nombre de la institución que otorga el título Departamento de Enseñanza, Investigación y Servicio en Agroecología,
Año de obtención del título 2020.
504 ## - NOTA DE BIBLIOGRAFÍA, ETC.
Nota de bibliografía, etc. Incluye referencias bibliográficas: páginas 48-52
520 ## - SUMARIO, ETC.
Sumario, etc. El maíz, es el cultivo de mayor trascendencia para México desde diversos enfoques como el social, económico, político y cultural. A lo largo de la historia, los pequeños agricultores se han dedicado a acumular genes superiores mediante la selección de caracteres deseables permitiendo dar paso a un tipo de mejoramiento tradicional (Gómez et al., 1995). Los métodos de selección, relativamente recientes, para el mejoramiento genético permiten cambiar direccionalmente la media genotípica de una población, de una generación a la siguiente (Molina, 1992). En el presente trabajo de investigación se analizaron dos ciclos de selección obtenidos mediante Selección Masal Visual Estratificada (SMVE), la variedad original (V0) y un testigo que correspondió a criollo ¾, el experimento se realizó en la localidad de Xonotzintla, Chocamán y Moyoapan grande, Coscomatepec pertenecientes a la zona montañosa central del estado de Veracruz con el fin de evaluar el efecto ambiental. Se estableció un diseño de bloques completos al azar con cuatro repeticiones. Todas las variables se sometieron a un análisis de varianza individual y combinado a través de localidades con el paquete estadístico SAS/STAT®. Se aplicó una prueba de medias de Duncan al 5 % de confiabilidad (Castillo, 2007). Con el análisis de los resultados experimentales se comprobó la efectividad del método de SMVE al obtener cambios en la media genotípica de la población original, en el análisis combinado se obtuvieron diferencias significativas entre tratamientos en el 58.33 %, entre localidades 66.66 % y para la interacción Loc*Var se encontró diferencias significativas en el 50 % de las variables registradas de las 12 variables registradas.
650 #4 - PUNTO DE ACCESO ADICIONAL DE MATERIA--TÉRMINO DE MATERIA
9 (RLIN) 71006
Término de materia o nombre geográfico como elemento de entrada Maíz
Subdivisión general Mejoramiento
650 #4 - PUNTO DE ACCESO ADICIONAL DE MATERIA--TÉRMINO DE MATERIA
9 (RLIN) 70963
Término de materia o nombre geográfico como elemento de entrada Maíz
Subdivisión general Genética
650 #4 - PUNTO DE ACCESO ADICIONAL DE MATERIA--TÉRMINO DE MATERIA
9 (RLIN) 141323
Término de materia o nombre geográfico como elemento de entrada Maíz
Subdivisión general Variedades
650 #7 - PUNTO DE ACCESO ADICIONAL DE MATERIA--TÉRMINO DE MATERIA
9 (RLIN) 71051
Término de materia o nombre geográfico como elemento de entrada Maíz
Subdivisión general Rendimiento
700 1# - PUNTO DE ACCESO ADICIONAL--NOMBRE DE PERSONA
9 (RLIN) 186832
Nombre de persona Andres Meza, Pablo
Término indicativo de función/relación Director de tesis
856 ## - LOCALIZACIÓN Y ACCESO ELECTRÓNICOS
Identificador Uniforme del Recurso http://10.13.5.2/tesis/tl/Del_Rosario_Arellano_Juan.pdf
Nota pública DESCARGAR PDF
942 ## - ELEMENTOS DE PUNTO DE ACCESO ADICIONAL (KOHA)
Fuente del sistema de clasificación o colocación Clasificación Universidad Autónoma Chapingo
Tipo de ítem Koha Tesis digital
Holdings
Estado de retiro Estado de pérdida Fuente del sistema de clasificación o colocación Estado dañado Restricciones de uso No para préstamo Código de colección Localización permanente Ubicación/localización actual Ubicación en estantería Fecha de adquisición Total de préstamos Signatura topográfica completa Fecha visto por última vez Precio válido a partir de Tipo de ítem Koha
    Clasificación Universidad Autónoma de Chapingo   Préstamo interno   Tesis digitales de Licenciatura Biblioteca Digital Biblioteca Digital En línea 02/05/2023   Tesis digital 02/05/2023 02/05/2023 Tesis digital